[Event "Doeberl Cup Major 48th"]
[Site "Canberra"]
[Date "2010.04.05"]
[Round "7"]
[White "Lewski, Toby"]
[Black "Adler, Nathan"]
[Result "1-0"]
[WhiteElo "1688"]
[BlackElo "1586"]
[PlyCount "113"]
[EventDate "2010.04.02"]
[EventType "swiss"]
[EventRounds "7"]
[EventCountry "AUS"]
[SourceTitle "EXT 2012"]
[Source "ChessBase"]
[SourceDate "2011.11.24"]
[SourceVersion "1"]
[SourceVersionDate "2011.11.24"]
[SourceQuality "1"]

1. Nf3 Nf6 2. c4 e6 3. Nc3 d5 4. d4 c6 5. Bg5 Nbd7 6. e3 Qa5 7. Nd2 Bb4 8. Bxf6 Nxf6 9. Qc2 0-0 10. Bd3 dxc4 11. Nxc4 Qh5 12. a3 Be7 13. Ne5 Nd7 14. g4 Qh3 15. 0-0-0 c5 16. Nxd7 Bxd7 17. dxc5 Bc6 18. Be4 Bxe4 19. Qxe4 Bxc5 20. Rd7 Rac8 21. Kc2 Qh4 22. Rf1 Qf6 23. Qd3 b5 24. Kb3 Qe5 25. Qe4 Qxe4 26. Nxe4 a5 27. Rb7 Rfe8 28. Rc1 Bf8 29. Rxc8 Rxc8 30. Rxb5 Ra8 31. Ka4 g6 32. g5 Rc8 33. b3 Rc1 34. Rxa5 Rh1 35. Nf6+ Kg7 36. Ne4 Rxh2 37. b4 Rh4 38. Re5 Be7 39. f4 Rh3 40. Nf2 Rh2 41. Nd3 Rd2 42. Nc5 Rb2 43. Re4 Kf8 44. Rc4 Ke8 45. Kb5 f6 46. gxf6 Bxf6 47. Re4 h5 48. Nxe6 h4 49. a4 Kd7 50. Ng5 Bxg5 51. fxg5 h3 52. Rh4 h2 53. a5 Kc7 54. a6 Kb8 55. Rh7 Ka8 56. Ka5 Ra2+ 57. Kb6 1-0

[Event "Doeberl Cup 44th"]
[Site "Canberra"]
[Date "2006.04.17"]
[Round "7"]
[White "Chan, Jason"]
[Black "Lewski, Toby"]
[Result "1-0"]
[WhiteElo "2044"]
[BlackElo "1613"]
[PlyCount "127"]
[EventDate "2006.04.14"]
[EventType "swiss"]
[EventRounds "7"]
[EventCountry "AUS"]
[SourceTitle "CBM 111 Extra"]
[Source "ChessBase"]
[SourceDate "2006.05.09"]
[SourceVersion "1"]
[SourceVersionDate "2006.05.09"]
[SourceQuality "1"]

1. e4 c5 2. Nf3 a6 3. d3 Nc6 4. g3 g6 5. Bg2 Bg7 6. 0-0 d6 7. c3 Bg4 8. h3 Bxf3 9. Bxf3 Nf6 10. Bg2 0-0 11. Re1 Nd7 12. Be3 Rc8 13. Qd2 b5 14. Bh6 Bxh6 15. Qxh6 Nde5 16. Rd1 c4 17. dxc4 bxc4 18. Na3 Qb6 19. Qd2 Kg7 20. Kh2 Na5 21. Rab1 Nec6 22. f4 f5 23. exf5 Rxf5 24. Nc2 e5 25. Ne3 Rf7 26. Nd5 Qc5 27. Rf1 Rcf8 28. Rbd1 Nb7 29. b4 cxb3 30. axb3 a5 31. b4 axb4 32. cxb4 Qb5 33. Nc3 Qb6 34. Bd5 Rc7 35. f5 Nxb4 36. f6+ Rxf6 37. Rxf6 Kxf6 38. Rf1+ Kg7 39. Qg5 Nxd5 40. Nxd5 Rc2+ 41. Kh1 Qd8 42. Ne7 Qf8 43. Rxf8 Kxf8 44. Qf6+ Ke8 45. Nd5 Kd7 46. Qe7+ Kc8 47. Qe8+ Nd8 48. Nb6+ Kc7 49. Qd7+ Kxb6 50. Qxd8+ Kb5 51. Qxd6 Rc5 52. Qd7+ Kc4 53. Qxh7 e4 54. Qxg6 Kd4 55. Qd6+ Rd5 56. Qb4+ Ke3 57. Qe1+ Kd4 58. h4 e3 59. Kg2 Ke4 60. g4 Rd2+ 61. Kg3 Kd3 62. Kf3 e2 63. h5 Rb2 64. h6 1-0

[Event "Doeberl Cup 44th"]
[Site "Canberra"]
[Date "2006.04.15"]
[Round "3"]
[White "Lewski, Toby"]
[Black "Ikeda, Junta"]
[Result "0-1"]
[WhiteElo "1613"]
[BlackElo "2089"]
[PlyCount "96"]
[EventDate "2006.04.14"]
[EventType "swiss"]
[EventRounds "7"]
[EventCountry "AUS"]
[SourceTitle "CBM 111 Extra"]
[Source "ChessBase"]
[SourceDate "2006.05.09"]
[SourceVersion "1"]
[SourceVersionDate "2006.05.09"]
[SourceQuality "1"]

1. d4 Nf6 2. Nf3 e6 3. c4 c5 4. Nc3 cxd4 5. Nxd4 a6 6. Bg5 d6 7. e4 Nbd7 8. Be2 Qc7 9. Rc1 Be7 10. 0-0 b6 11. Kh1 Bb7 12. f4 h6 13. Bxf6 Nxf6 14. Bf3 Rc8 15. b3 g5 16. g3 Rg8 17. f5 e5 18. Nde2 g4 19. Bg2 h5 20. Nd5 Qd8 21. Nec3 h4 22. Kg1 hxg3 23. hxg3 Bxd5 24. exd5 Nh5 25. Ne4 b5 26. c5 Rxc5 27. Rxc5 dxc5 28. d6 Bg5 29. Re1 Kf8 30. Qd5 Bf6 31. Qxc5 Kg7 32. Qc7 Re8 33. Rc1 Nf4 34. Qxd8 Rxd8 35. gxf4 exf4 36. Rd1 Be5 37. d7 Bc7 38. Kf1 f3 39. Nc5 Rh8 40. Nb7 fxg2+ 41. Kxg2 Bd8 42. Re1 Bc7 43. Re8 Rh2+ 44. Kg1 Rxa2 45. d8Q Bxd8 46. Rxd8 Kf6 47. Rd5 Rb2 48. Nc5 Kg5 0-1

[Event "Doeberl Cup 43rd"]
[Site "Canberra"]
[Date "2005.03.31"]
[Round "6"]
[White "Lewski, Toby"]
[Black "Bonning, James"]
[Result "1-0"]
[WhiteElo "1951"]
[BlackElo "1463"]
[PlyCount "47"]
[EventDate "2005.03.25"]
[EventType "swiss"]
[EventRounds "7"]
[EventCountry "AUS"]
[SourceTitle "CBM 105 Extra"]
[Source "ChessBase"]
[SourceDate "2005.05.01"]
[SourceVersion "1"]
[SourceVersionDate "2005.05.01"]
[SourceQuality "1"]

1. d4 Nf6 2. c4 e5 3. d5 Bc5 4. Nc3 a6 5. a3 Ng4 6. Ne4 Ba7 7. Nf3 f5 8. Bg5 fxe4 9. Bxd8 exf3 10. Bh4 fxg2 11. Bxg2 0-0 12. 0-0 d6 13. e3 h5 14. h3 Nf6 15. Bxf6 Rxf6 16. Qxh5 Bd7 17. b4 c6 18. Rac1 Bf5 19. e4 Bg6 20. Qg4 Bf7 21. Qc8+ Kh7 22. Qxb7 Bh5 23. Qxa8 Rg6 24. Kh2 1-0

[Event "Doeberl Cup 43rd"]
[Site "Canberra"]
[Date "2005.03.26"]
[Round "3"]
[White "Lewski, Toby"]
[Black "Tse, Jeffrey"]
[Result "0-1"]
[WhiteElo "1951"]
[BlackElo "1704"]
[PlyCount "35"]
[EventDate "2005.03.25"]
[EventType "swiss"]
[EventRounds "7"]
[EventCountry "AUS"]
[SourceTitle "CBM 105 Extra"]
[Source "ChessBase"]
[SourceDate "2005.05.01"]
[SourceVersion "1"]
[SourceVersionDate "2005.05.01"]
[SourceQuality "1"]

1. e4 e6 2. d3 d5 3. Nd2 c5 4. Ngf3 Bd6 5. g3 Nc6 6. Bg2 Nge7 7. 0-0 0-0 8. Re1 f5 9. e5 Bc7 10. c3 f4 11. g4 Ng6 12. d4 cxd4 13. cxd4 Bb6 14. Nb3 Nh4 15. Nxh4 Qxh4 16. Qf3 Bd7 17. Re2 Rac8 18. Nc5 0-1

[Event "Doeberl Cup 43rd"]
[Site "Canberra"]
[Date "2005.03.25"]
[Round "2"]
[White "Bartlett, Stephen"]
[Black "Lewski, Toby"]
[Result "1-0"]
[WhiteElo "1771"]
[BlackElo "1951"]
[PlyCount "103"]
[EventDate "2005.03.25"]
[EventType "swiss"]
[EventRounds "7"]
[EventCountry "AUS"]
[SourceTitle "CBM 105 Extra"]
[Source "ChessBase"]
[SourceDate "2005.05.01"]
[SourceVersion "1"]
[SourceVersionDate "2005.05.01"]
[SourceQuality "1"]

1. d4 Nf6 2. c4 c5 3. d5 e5 4. Nc3 d6 5. e4 Be7 6. Nf3 Nbd7 7. Bd3 Nf8 8. Nd2 Ng6 9. Ne2 h5 10. h4 Ng4 11. g3 Bd7 12. Nf1 a6 13. Nc3 Rb8 14. a4 b6 15. Ne3 Nxe3 16. Bxe3 Bg4 17. Be2 Bxe2 18. Qxe2 Qd7 19. Qf3 Nf8 20. 0-0 g6 21. Kh2 Nh7 22. Qe2 Nf6 23. f3 Kf8 24. Kg2 Kg7 25. Bd2 Ne8 26. f4 Nf6 27. fxe5 dxe5 28. Nd1 Ne8 29. Bc3 f6 30. Ne3 Nd6 31. Qd3 Rbe8 32. b3 Bd8 33. Ra2 Rhf8 34. b4 Nb7 35. a5 bxa5 36. bxc5 Nxc5 37. Qc2 Nb7 38. Rb1 Nc5 39. Bxa5 Bxa5 40. Rxa5 Rc8 41. Rb6 Rf7 42. Qb1 f5 43. exf5 gxf5 44. Qb4 f4 45. Rxc5 fxe3 46. Rxc8 Qxc8 47. Qd6 Qc7 48. Qh6+ Kg8 49. Qxe3 Qxc4 50. Qg5+ Rg7 51. Rb8+ Kf7 52. Qf5+ 1-0

[Event "Doeberl Cup 43rd"]
[Site "Canberra"]
[Date "2005.03.25"]
[Round "1"]
[White "Hoffmann, Achim Gunter"]
[Black "Lewski, Toby"]
[Result "1-0"]
[WhiteElo "2066"]
[BlackElo "1951"]
[PlyCount "97"]
[EventDate "2005.03.25"]
[EventType "swiss"]
[EventRounds "7"]
[EventCountry "AUS"]
[SourceTitle "CBM 105 Extra"]
[Source "ChessBase"]
[SourceDate "2005.05.01"]
[SourceVersion "1"]
[SourceVersionDate "2005.05.01"]
[SourceQuality "1"]

1. e4 c5 2. Nf3 e6 3. d4 cxd4 4. Nxd4 a6 5. Nc3 Qc7 6. g3 Nf6 7. Bg2 Be7 8. 0-0 d6 9. Be3 Nbd7 10. f4 0-0 11. Qf3 Nb6 12. Rad1 d5 13. e5 Nfd7 14. Bc1 Nc4 15. b3 Na5 16. Bh3 Nb6 17. Bb2 Nc6 18. Nce2 Nxd4 19. Nxd4 f5 20. exf6 Rxf6 21. Qe2 Bc5 22. Kh1 Bxd4 23. Bxd4 Rh6 24. Bg4 Bd7 25. Qe3 Nc8 26. c4 dxc4 27. Be5 Bc6+ 28. Kg1 Qe7 29. bxc4 b5 30. c5 Bd5 31. Rxd5 exd5 32. Qd4 Qf7 33. Bf3 Ne7 34. Bxg7 Qxg7 35. Bxd5+ Kf8 36. Qxg7+ Kxg7 37. Bxa8 a5 38. Re1 Kf7 39. Re5 Ra6 40. Bb7 Re6 41. Rxe6 Kxe6 42. Be4 h6 43. Kf2 b4 44. Ke2 a4 45. Kd3 Ng8 46. Kc4 Nf6 47. Bf3 b3 48. axb3 a3 49. Kc3 1-0